[Event "Mittelfranken Landesliga Nord 2122"]
[Site "Mittelfranken"]
[Date "2021.11.14"]
[Round "2.8"]
[White "Walter, Florian"]
[Black "Scharf, Daniel"]
[Result "1-0"]
[WhiteElo "2176"]
[BlackElo "1814"]
[PlyCount "71"]
[EventDate "2021.10.24"]
[EventType "team-tourn"]
[EventRounds "9"]
[EventCountry "GER"]
[SourceTitle "EXT 2024"]
[Source "ChessBase"]
[SourceDate "2023.10.10"]
[SourceVersion "1"]
[SourceVersionDate "2023.10.10"]
[SourceQuality "1"]
[WhiteTeam "Nuernberg NT II"]
[BlackTeam "Schwandorf"]
[WhiteTeamCountry "GER"]
[BlackTeamCountry "GER"]

1. c4 c6 2. g3 e6 3. Bg2 d5 4. Nf3 Nf6 5. 0-0 g6 6. d4 Bg7 7. Nbd2 0-0 8. Qc2 Nbd7 9. e4 dxe4 10. Nxe4 Nxe4 11. Qxe4 Nf6 12. Qe2 Qe7 13. b3 Re8 14. Bb2 Bd7 15. Rfe1 Rac8 16. Rad1 Qd8 17. Bc3 b5 18. Ne5 a6 19. Qb2 Qc7 20. d5 cxd5 21. Nxd7 Qxd7 22. Bxf6 Bxf6 23. Qxf6 bxc4 24. bxc4 Rxc4 25. h4 Qd8 26. Qe5 f6 27. Qe2 Kf7 28. Qxc4 dxc4 29. Rxd8 Rxd8 30. Rc1 Rd2 31. a4 Rd4 32. Rc3 Ke7 33. Bf1 Kd6 34. Rxc4 Rd1 35. Kg2 a5 36. Rc8 1-0

[Event "Regionalliga NO 1516"]
[Site "Bayern"]
[Date "2015.10.25"]
[Round "2.8"]
[White "Albrecht, Andreas"]
[Black "Scharf, Daniel"]
[Result "1-0"]
[WhiteElo "1696"]
[BlackElo "1648"]
[PlyCount "83"]
[EventDate "2015.10.11"]
[EventType "team-tourn"]
[EventRounds "9"]
[EventCountry "GER"]
[SourceTitle "EXT 2018"]
[Source "ChessBase"]
[SourceDate "2017.10.13"]
[SourceVersion "1"]
[SourceVersionDate "2017.10.13"]
[SourceQuality "1"]
[WhiteTeam "Regensburg Turnerschaft"]
[BlackTeam "Schwandorf"]
[WhiteTeamCountry "GER"]
[BlackTeamCountry "GER"]

1. d4 d5 2. Nf3 Nf6 3. e3 Bf5 4. c4 e6 5. Nc3 c6 6. Ne5 Nbd7 7. f4 Nxe5 8. fxe5 Ne4 9. Nxe4 Bxe4 10. c5 Qh4+ 11. Kd2 Qf2+ 12. Qe2 Qxe2+ 13. Kxe2 f6 14. exf6 gxf6 15. Rg1 h5 16. g3 h4 17. g4 Bh6 18. Bd2 Ke7 19. Bg2 Bxg2 20. Rxg2 Rhg8 21. h3 Rg7 22. Rag1 Rag8 23. Be1 Bg5 24. Kd3 e5 25. e4 dxe4+ 26. Kxe4 exd4 27. Kxd4 Rd8+ 28. Kc4 Kf8 29. Rf1 Rgd7 30. Rf3 Rd4+ 31. Kc3 Rd1 32. Re2 Rc1+ 33. Kb3 Rxc5 34. Bb4 Rdd5 35. Rc3 b6 36. Bxc5+ bxc5 37. Rec2 f5 38. gxf5 Rxf5 39. Rxc5 Rf3+ 40. R2c3 Rxc3+ 41. bxc3 Be3 42. Rxc6 1-0

[Event "Regionalliga NO 1415"]
[Site "Bayern"]
[Date "2015.01.18"]
[Round "5.7"]
[White "Rhein, Thomas"]
[Black "Scharf, Daniel"]
[Result "1-0"]
[WhiteElo "1905"]
[BlackElo "1648"]
[PlyCount "41"]
[EventDate "2014.10.19"]
[EventType "team-tourn"]
[EventRounds "9"]
[EventCountry "GER"]
[SourceTitle "EXT 2018"]
[Source "ChessBase"]
[SourceDate "2017.10.13"]
[SourceVersion "1"]
[SourceVersionDate "2017.10.13"]
[SourceQuality "1"]
[WhiteTeam "Nuernberg Sued SW II"]
[BlackTeam "Schwandorf"]
[WhiteTeamCountry "GER"]
[BlackTeamCountry "GER"]

1. d4 d5 2. Nf3 Nf6 3. c4 c6 4. Nc3 Bf5 5. cxd5 cxd5 6. Qb3 b6 7. Bg5 e6 8. Ne5 Be7 9. e3 0-0 10. Bb5 h6 11. Bh4 Nfd7 12. Bg3 Nxe5 13. Bxe5 f6 14. Bg3 a6 15. Be2 Bd6 16. 0-0 Re8 17. Nxd5 exd5 18. Qxd5+ Be6 19. Qxd6 Qxd6 20. Bxd6 Rd8 21. Bc7 1-0

[Event "Landesliga U20 Nord 1314"]
[Site "Bayern"]
[Date "2014.01.25"]
[Round "4.1"]
[White "Scharf, Daniel"]
[Black "Eichinger, Christoph"]
[Result "0-1"]
[WhiteElo "1648"]
[BlackElo "2132"]
[PlyCount "110"]
[EventDate "2013.11.16"]
[EventType "team-tourn"]
[EventRounds "7"]
[EventCountry "GER"]
[SourceTitle "EXT 2022"]
[Source "ChessBase"]
[SourceDate "2021.10.06"]
[SourceVersion "1"]
[SourceVersionDate "2021.10.06"]
[SourceQuality "1"]
[WhiteTeam "Schwandorf U20"]
[BlackTeam "Kareth Lappersdorf U20"]
[WhiteTeamCountry "GER"]
[BlackTeamCountry "GER"]

1. d4 Nf6 2. c4 g6 3. Nf3 Bg7 4. Bf4 d6 5. Nc3 Nbd7 6. Qd2 h6 7. h3 c5 8. d5 a6 9. e4 Nh5 10. Bh2 0-0 11. Bd3 Qa5 12. 0-0 b5 13. a3 bxc4 14. Bxc4 Rb8 15. Ra2 Rb7 16. Nd1 Qxd2 17. Nxd2 Rb6 18. g4 Nhf6 19. f4 Ne8 20. Nf3 Kh7 21. f5 g5 22. Re1 Be5 23. Bxe5 dxe5 24. Nf2 Nd6 25. Bf1 Bb7 26. Nd2 f6 27. Nc4 Nxc4 28. Bxc4 Rc8 29. Nd3 a5 30. Rc1 Ba6 31. Bxa6 Rxa6 32. b3 Rb6 33. Rc3 Rcb8 34. Nc1 Kg7 35. Rac2 Kf7 36. Kf2 Rb5 37. Ke2 a4 38. bxa4 Ra5 39. Rc4 Nb6 40. Rxc5 Rxa4 41. Kd3 Rd4+ 42. Ke3 Ra8 43. Ne2 Rxa3+ 44. R2c3 Raa4 45. Ng3 Nc4+ 46. Ke2 Nd6 47. Re3 Nxe4 48. Nxe4 Rxe4 49. Rcc3 Rxe3+ 50. Kxe3 Rd4 51. Rd3 Rxd3+ 52. Kxd3 Ke8 53. Kc4 Kd7 54. Kc5 Kc7 55. Kc4 Kd6 0-1

[Event "Landesliga U20 Nord 1314"]
[Site "Bayern"]
[Date "2013.11.30"]
[Round "3.1"]
[White "Korn, Lukas Alexander"]
[Black "Scharf, Daniel"]
[Result "1/2-1/2"]
[WhiteElo "1734"]
[BlackElo "1648"]
[PlyCount "57"]
[EventDate "2013.11.16"]
[EventType "team-tourn"]
[EventRounds "7"]
[EventCountry "GER"]
[SourceTitle "EXT 2022"]
[Source "ChessBase"]
[SourceDate "2021.10.06"]
[SourceVersion "1"]
[SourceVersionDate "2021.10.06"]
[SourceQuality "1"]
[WhiteTeam "Grossenseebach U20"]
[BlackTeam "Schwandorf U20"]
[WhiteTeamCountry "GER"]
[BlackTeamCountry "GER"]

1. e4 c5 2. c3 d6 3. d4 cxd4 4. cxd4 g6 5. Nc3 Bg7 6. Be3 Nc6 7. Bb5 Bd7 8. Nf3 Nf6 9. 0-0 0-0 10. h3 a6 11. Be2 Rc8 12. Qd2 b5 13. e5 dxe5 14. dxe5 Ne8 15. Rfd1 Be6 16. Qxd8 Rxd8 17. Rxd8 Nxd8 18. Bc5 Nc6 19. a4 Nc7 20. axb5 axb5 21. Nxb5 Nxb5 22. Bxb5 Nxe5 23. Nxe5 Bxe5 24. Bxe7 Rb8 25. Bd3 Rxb2 26. Re1 Bd4 27. Bh4 Kg7 28. Re2 Rxe2 29. Bxe2 1/2-1/2